| 000 | 00405cam a2200169 4500 | ||
|---|---|---|---|
| 001 | D13203 | ||
| 008 | 090401t1929 xxu||||| |||| 00| 0 eng d | ||
| 035 | _a(Sirsi) u8391 | ||
| 041 | _aeng | ||
| 100 | _aLane, W.T. | ||
| 245 | 4 | _aThe principles of subsidence and the law of suppad | |
| 260 |
_aLondon _bAlfred A Knopf _c1929 |
||
| 350 | _a0 | ||
| 520 | _aShelf 117 | ||
| 942 | _n0 | ||
| 948 | _c04/03/1997 | ||
| 999 |
_c86508 _d86508 |
||